000 01790nam a2200457Ii 4500
001 DIGSLX0145
003 NyNyDIG
007 cr |||||||||||
008 161109t20112007sp a ob 001 0 spa d
006 m o d
035 _a(OCoLC)962400849
040 _aDGITA
_beng
_erda
_epn
_cDGITA
020 _a9788477374947
_q(eBook)
020 _a8477374945
_q(eBook)
020 _z9788477371878
020 _z8477371873
043 _ae-sp---
050 1 4 _aDP142.5 ebook
082 0 4 _a946.03
_223
100 1 _aCañas Gálvez, Francisco de Paula,
_eauthor.
245 1 3 _aEl itinerario de la corte de Juan II de Castilla (1418-1454) /
_cFrancisco de Paula Cañas Gálvez.
264 1 _aMadrid :
_bSílex,
_c[2011]
264 4 _c©2007
300 _a1 online resource :
_billustrations.
336 _atext
_btxt
_2rdacontent
337 _acomputer
_bc
_2rdamedia
338 _aonline resource
_bcr
_2rdacarrier
490 1 _aSílex Universidad
504 _aIncludes bibliographical references and index.
588 0 _aOnline resource; title from PDF title page (Digitalia, viewed November 11, 2016)
610 1 0 _aCastile (Kingdom).
_bSovereign (1406-1454 : Juan II)
_xTravel.
600 0 0 _aJuan
_bII,
_cKing of Castile and Leon,
_d1405-1454
_xTravel.
655 0 _aElectronic books.
791 2 _aDigitalia (Firm),
_edistributor.
793 0 _gDigitalia eBook Collection:
_aSílex Ediciones
776 0 8 _iPrint version:
_aCañas Gálvez, Francisco de Paula.
_tItinerario de la corte de Juan II de Castilla (1418-1454).
_dMadrid : Sílex, ©2007
_z9788477371878
_w(DLC) 2008391258
_w(OCoLC)228677098
830 0 _aSílex universidad.
856 4 0 _3Digitalia Hispánica
_uhttps://www.digitaliapublishing.com/a/1382/
910 _aPremium Collection: 2016
942 _cRAA
999 _c230192
_d230192